Application of dyestuffs to textiles, paper, leather and other materials / (Record no. 69241)
[ view plain ]
| 000 -LEADER | |
|---|---|
| fixed length control field | 00811nam a2200241 a 4500 |
| 001 - CONTROL NUMBER | |
| control field | 69241 |
| 003 - CONTROL NUMBER IDENTIFIER | |
| rucl marc code | BD-RjUL |
| 005 - DATE AND TIME OF LATEST TRANSACTION | |
| control field | 20211209081850.0 |
| 008 - FIXED-LENGTH DATA ELEMENTS--GENERAL INFORMATION | |
| fixed length control field | 170410r1950 nyua b 001 0 eng |
| 035 ## - SYSTEM CONTROL NUMBER | |
| System control number | (BD-RjUL)69452 |
| 040 ## - CATALOGING SOURCE | |
| Original cataloging agency | DLC |
| Transcribing agency | CarP |
| Modifying agency | BD-RjUL |
| Language of cataloging | eng |
| 041 ## - LANGUAGE CODE | |
| Language code of text/sound track or separate title | eng |
| 082 ## - DEWEY DECIMAL CLASSIFICATION NUMBER | |
| Edition number | 23 |
| Classification number | 667.3 |
| Author mark and year | MAA 1950 |
| 100 1# - MAIN ENTRY--PERSONAL NAME | |
| Personal name | Matthews, J. Merritt |
| Fuller form of name | (Joseph Merritt), |
| Dates associated with a name | 1874-1931. |
| 9 (RLIN) | 205134 |
| 245 00 - TITLE STATEMENT | |
| Title | Application of dyestuffs to textiles, paper, leather and other materials / |
| Statement of responsibility, etc. | J Merritt Matthews |
| 260 ## - PUBLICATION, DISTRIBUTION, ETC. (IMPRINT) | |
| Place of publication, distribution, etc. | New York : |
| Name of publisher, distributor, etc. | John Wiley & sons, inc., |
| Date of publication, distribution, etc. | c1920 [reprinted 1950] |
| 300 ## - PHYSICAL DESCRIPTION | |
| Pagination | xvi, 768 p. : |
| Illustrations | ill. ; |
| Size | 24 cm. |
| 504 ## - BIBLIOGRAPHY, ETC. NOTE | |
| Bibliography, etc | Includes bibliography and index |
| 650 #0 - SUBJECT ADDED ENTRY--TOPICAL TERM | |
| Topical term or geographic name as entry element | Dyes and dyeing |
| General subdivision | Chemistry. |
| 9 (RLIN) | 205135 |
| Topical term or geographic name as entry element | Textile chemistry. |
| 9 (RLIN) | 163104 |
| 942 ## - ADDED ENTRY ELEMENTS (KOHA) | |
| Source of classification or shelving scheme | Dewey Decimal Classification |
| Koha item type | Books |
| Lost status | Source of classification or shelving scheme | Damaged status | Not for loan | Collection code | Permanent Location | Current Location | Shelving location | Date acquired | Source of acquisition | Cost, normal purchase price | Total Checkouts | Full call number | Date last seen | Copy number | Koha item type |
|---|---|---|---|---|---|---|---|---|---|---|---|---|---|---|---|
| Dewey Decimal Classification | Not For Loan | Non-fiction | Central Library, University of Rajshahi | Central Library, University of Rajshahi | Reading Room | 23/09/1957 | Publishers Limited | 107.40 | 667.3 MAA 1950 | 10/04/2017 | C-1 | Books |